International News Network. Un análisis de transgresiones de género en la producción audio-visual nicaragüense /

Nuestra expresión corporal está influida por lo que en el colectivo ex/centrO llamamos lígica del centrO. La sexualización y jerarquización de nuestros cuerpos, las expectativas impuestas según nuestro género percibido, y la precariedad de nuestros cuerpos son todos efectos de esta lógica dominante...

Ful tanımlama

Kaydedildi:
Detaylı Bibliyografya
Yazar: Petrus, John
Materyal Türü: Bilinmiyor
Dil:Spanish
Baskı/Yayın Bilgisi: Managua, Nicaragua: Instituto de Historia de Nicaragua, 2013.
Etiketler: Etiketle
Etiket eklenmemiş, İlk siz ekleyin!

MARC

LEADER 00000 a2200000 4500
008 150430s2013 nq ||||| |||| 00| b spa d
040 |a CRU CIICLA 
041 |a spa 
082 |a 900 R Revista de Historia 
100 1 |a Petrus, John 
245 1 0 |a International News Network. Un análisis de transgresiones de género en la producción audio-visual nicaragüense /  |c John Petrus 
260 |a Managua, Nicaragua:  |b Instituto de Historia de Nicaragua,  |c 2013. 
300 |a páginas 111-126:  |b ilustraciones, retrato. 
520 |a Nuestra expresión corporal está influida por lo que en el colectivo ex/centrO llamamos lígica del centrO. La sexualización y jerarquización de nuestros cuerpos, las expectativas impuestas según nuestro género percibido, y la precariedad de nuestros cuerpos son todos efectos de esta lógica dominante del centrP. El travestismo transgrsivo es una intervención de saberes, un reconocimiento del cuerpo y sus expresiones siempre en movimiento. En este artículo indago en varios tipos de travestismo presentados en el programa opular International News Networ (iNN) para buscar el travestismo excéntrico, pero también reconocer travestismos que refuerzan la lógica del centrO. Argumento que el programa es un campo de batalla ideológico mediático por representar masculinidades bien violentas y normativas, pero también masculinidades y feminidades. 
773 0 |w CSIC000720732  |x 1017-4680  |d Managua (Nicaragua): 1990-. Instituto de Historia de Nicaragua,  |t Revista de historia.  |g Número 29, 111-126 páginas, 2013. 
942 |2 ddc  |c ARC 
999 |c 4064  |d 4064